000 00493nam a2200193 a 4500
001 1495
003 CO-ViMGA
008 141112s2004 ck r 000 u spa d
040 _aCO-ViMGA
_bspa
_cCO-ViMGA
082 0 4 _a306.8 N678
100 1 _aNorwood, Robin
_949888
245 1 0 _aLas mujeres que aman demasiado
260 _aBogotá :
_bJavier Vergara,
_c1986
300 _a333 p
650 1 4 _aFAMILIA
650 1 4 _aRELACIONES FAMILIARES
_97470
650 1 4 _aVIDA CONYUGAL
942 _2ddc
_cBK
999 _c13682
_d13682